[Event "AUTO-ADV-1459"]
[Site "http://www.queenalice.com/game.php?id=708824"]
[Date "2010.1.5"]
[Round "2"]
[White "KobeB"]
[Black "NandoBg"]
[Result "0-1"]
[WhiteElo "1893"]
[BlackElo "2203"]

1. e4 e5 2. Nf3 Nf6 3. Nxe5 Qe7 4. Nf3 Qxe4+ 5. Be2 Qb4 6. O-O d5 7. c3 Qb6 8.
d4 Bd6 9. Bg5 Qxb2 10. Nbd2 Qxc3 11. Bxf6 gxf6 12. Re1 O-O 13. Rc1 Qb2 14. Rc2
Qb4 15. Bd3 Nc6 16. Nh4 Qxd4 17. Ndf3 Qg4 18. h3 Qh5 19. g4 Qh6 20. Rce2 Ne5 21.
Nxe5 Qxh4 22. Nf3 Qxh3 23. Re8 Bxg4 24. Rxf8+ Rxf8 25. Be2 Bxf3 26. Bxf3 Bh2+
27. Kh1 Bg3+ 28. Kg1 Qh2+ 29. Kf1 Qxf2# 0-1

[Event "AUTO-ADV-1459"]
[Site "http://www.queenalice.com/game.php?id=708825"]
[Date "2010.1.5"]
[Round "2"]
[White "NandoBg"]
[Black "KobeB"]
[Result "1/2-1/2"]
[WhiteElo "2215"]
[BlackElo "1906"]

1. Nf3 Nf6 2. Nc3 d5 3. d4 e6 4. g3 Be7 5. Bg2 O-O 6. a3 Bd7 7. O-O c5 8. dxc5
Bxc5 9. Qd3 Nc6 10. Bf4 d4 11. Na4 Be7 12. Nxd4 Nxd4 13. Qxd4 Bxa4 14. Qd3 Qxd3
15. cxd3 Bc6 16. Bxc6 bxc6 17. Rfc1 c5 18. Be3 Rfc8 19. b4 cxb4 20. Rxc8+ Rxc8
21. axb4 Bxb4 22. Rxa7 h6 23. Kg2 Bc5 24. Bxc5 Rxc5 25. h3 g5 26. f4 Kg7 27.
fxg5 hxg5 28. Kf2 g4 29. hxg4 Nxg4+ 30. Kf3 Nf6 31. Kg2 Rg5 32. Ra4 Nh5 33. g4
Kg6 34. Kf2 Nf6 35. Kf3 Nd5 36. Re4 Kf6 37. Rc4 Re5 38. e4 Ne7 39. d4 Ra5 40.
Rc1 Kg5 41. Rc7 Ng6 42. Rxf7 Ra3+ 43. Kf2 Kxg4 44. d5 exd5 45. exd5 Rd3 46. Ke2
Rxd5 47. Ke3 Re5+ 1/2-1/2

[Event "Challenge"]
[Site "http://www.queenalice.com/game.php?id=715620"]
[Date "2010.1.17"]
[Round "-"]
[White "NandoBg"]
[Black "SKberlin"]
[Result "1/2-1/2"]
[WhiteElo "2235"]
[BlackElo "2310"]

1. Nc3 Nf6 2. e4 e5 3. Nf3 Nc6 4. h3 Bc5 5. Nxe5 Nxe5 6. d4 Bd6 7. dxe5 Bxe5 8.
Bd3 O-O 9. O-O d6 10. Nd5 Bd7 11. c3 Nxd5 12. exd5 c5 13. Be3 f5 14. Re1 Rc8 15.
f4 Bf6 16. Bf2 a6 17. a3 g6 18. Rb1 Qa5 19. c4 b5 20. Bf1 Qc7 21. Qd2 bxc4 22.
Bxc4 a5 23. b3 Kf7 24. Rec1 Rb8 25. a4 Rb4 26. Qc2 Rb7 27. Be1 Re8 28. Bc3 Bd4+
29. Kh2 Re4 30. Rf1 Bxc3 31. Qxc3 Rb8 32. Rbe1 Rd4 33. Rf2 Re8 34. Rxe8 Bxe8 35.
g3 Kg8 36. Rd2 Qb6 37. Re2 Kf8 38. Qe3 Qd8 39. Qc1 h5 40. h4 Bf7 41. Rd2 Kg8 42.
Qc3 Qb6 43. Kg2 Qa7 44. Rd3 Kh7 45. Rd2 Re4 46. Rd1 Qe7 47. Kf2 Qc7 48. Kg2 Kg8
49. Kh2 Qe7 50. Rd2 Qa7 51. Qf6 Qb6 52. Kg2 Qc7 53. Qc3 Qd8 54. Rd1 Kh7 55. Kh3
Qa8 56. Re1 Bxd5 57. Rxe4 Bxe4 58. Qf6 d5 59. Qe7+ Kh6 60. Qg5+ Kg7 61. Qe7+ Kh6
62. Qg5+ Kg7 63. Qe7+ Kh6 1/2-1/2

[Event "AUTO-MASTER-1017"]
[Site "http://www.queenalice.com/game.php?id=715641"]
[Date "2010.1.17"]
[Round "1"]
[White "Krummenauer"]
[Black "NandoBg"]
[Result "0-1"]
[WhiteElo "1952"]
[BlackElo "2180"]

1. d4 Nf6 2. c4 c5 3. d5 g6 4. Nc3 d6 5. e4 Bg7 6. Nf3 a6 7. Be2 O-O 8. O-O Bg4
9. h3 Bxf3 10. Bxf3 Nbd7 11. Qc2 Ne8 12. b3 b5 13. Bb2 bxc4 14. bxc4 Rb8 15. Na4
Qa5 16. Bxg7 Kxg7 17. Qc3+ Qxc3 18. Nxc3 Nef6 19. Rab1 Rb4 20. Rb3 Rfb8 21. Rfb1
Rxc4 22. Rxb8 Nxb8 23. Rxb8 Rxc3 24. Rb3 Rxb3 25. axb3 c4 26. bxc4 a5 27. Bd1
Nxe4 28. f3 Nc3 29. Bc2 a4 30. Bxa4 Nxa4 0-1

[Event "AUTO-MASTER-1017"]
[Site "http://www.queenalice.com/game.php?id=715642"]
[Date "2010.1.17"]
[Round "1"]
[White "NandoBg"]
[Black "Krummenauer"]
[Result "1-0"]
[WhiteElo "2168"]
[BlackElo "1975"]

1. Nc3 g6 2. e4 Bg7 3. Nf3 e6 4. d4 Ne7 5. Bf4 a6 6. h4 d5 7. h5 dxe4 8. Nxe4
Nf5 9. h6 Bxd4 10. c3 Qd5 11. Qd3 Bxf2+ 12. Nxf2 Qxd3 13. Bxd3 c6 14. Ne4 Nd7
15. Ne5 Ke7 16. Nxd7 Bxd7 17. g4 1-0

[Event "AUTO-MASTER-1017"]
[Site "http://www.queenalice.com/game.php?id=715657"]
[Date "2010.1.17"]
[Round "1"]
[White "NandoBg"]
[Black "woinic"]
[Result "1/2-1/2"]
[WhiteElo "2206"]
[BlackElo "2107"]

1. Nc3 d5 2. d4 Nf6 3. Nf3 Bf5 4. Bf4 e6 5. e3 Be7 6. Bd3 Bxd3 7. Qxd3 Nbd7 8.
Ne5 Nxe5 9. Bxe5 O-O 10. O-O-O c5 11. Qb5 cxd4 12. exd4 b6 13. h4 a6 14. Qd3 b5
15. Kb1 Qa5 16. h5 b4 17. Bxf6 Bxf6 18. Ne2 Rfc8 19. g4 Qb5 20. Qxb5 axb5 21. f4
Rc4 22. g5 Be7 23. Rh2 Rc6 24. Rf2 Rca6 25. Nc1 f6 26. g6 Bd8 27. f5 Bc7 28.
fxe6 Rxe6 29. Nd3 Bd6 30. gxh7+ Kxh7 31. Nf4 Bxf4 32. Rxf4 Rea6 33. Rf5 Rxa2 34.
Kc1 Rd8 35. Re1 Ra1+ 36. Kd2 Rxe1 37. Kxe1 Rd6 38. Kd2 g6 39. hxg6+ Kxg6 40. Rf3
Re6 41. Rb3 Kf5 42. Rxb4 Ke4 43. Rxb5 Kxd4 44. Rb3 f5 45. Rd3+ Kc5 46. Rf3 Rf6
47. Kd3 f4 48. c3 Rf8 49. Rf2 Rf7 50. Rf1 Rf8 51. b4+ Kd6 52. Kd4 Rf7 53. Ra1
Kc6 54. Ra6+ Kb5 55. Ra5+ Kb6 56. Kxd5 f3 57. Ra1 f2 58. Rf1 Kb5 59. Kd4 Rf3 60.
Ke4 Rxc3 1/2-1/2

[Event "AUTO-MASTER-1017"]
[Site "http://www.queenalice.com/game.php?id=715658"]
[Date "2010.1.17"]
[Round "1"]
[White "woinic"]
[Black "NandoBg"]
[Result "1/2-1/2"]
[WhiteElo "2089"]
[BlackElo "2185"]

1. c4 Nf6 2. Nc3 e6 3. Nf3 d5 4. d4 Nc6 5. Bg5 h6 6. Bxf6 gxf6 7. cxd5 exd5 8.
e3 Be6 9. g3 Bd6 10. Bg2 Nb4 11. a3 Na6 12. b4 c6 13. O-O Nc7 14. e4 Be7 15. Re1
a5 16. Rb1 dxe4 17. Nxe4 axb4 18. axb4 O-O 19. Nc5 Bc8 20. Nh4 f5 21. Qd3 Bxh4
22. gxh4 Qxh4 23. Qg3+ Qxg3 24. hxg3 Nb5 25. d5 cxd5 26. Re7 Nc3 27. Rbe1 b6 28.
Nd7 Bxd7 29. Rxd7 Rad8 30. Ree7 Rfe8 31. Rxf7 Re5 32. Rg7+ Kh8 33. Rh7+ Kg8 34.
Rdg7+ Kf8 35. Rc7 Kg8 36. Rcg7+ 1/2-1/2

[Event "AUTO-MASTER-1017"]
[Site "http://www.queenalice.com/game.php?id=715659"]
[Date "2010.1.17"]
[Round "1"]
[White "NandoBg"]
[Black "Pagano"]
[Result "1-0"]
[WhiteElo "2174"]
[BlackElo "1984"]

1. e4 a6 2. d4 b5 3. a4 b4 4. c3 e6 5. Bd3 c5 6. d5 exd5 7. exd5 d6 8. Nf3 Bg4
9. O-O Be7 10. h3 Bxf3 11. Qxf3 Nf6 12. Qg3 Nbd7 13. Qxg7 Rg8 14. Qh6 1-0

[Event "AUTO-MASTER-1017"]
[Site "http://www.queenalice.com/game.php?id=715660"]
[Date "2010.1.17"]
[Round "1"]
[White "Pagano"]
[Black "NandoBg"]
[Result "0-1"]
[WhiteElo "1998"]
[BlackElo "2182"]

1. f4 Nf6 2. Nf3 g6 3. b3 Nc6 4. Bb2 Bg7 5. d3 d5 6. e4 dxe4 7. dxe4 Qxd1+ 8.
Kxd1 O-O 9. Bd3 Nh5 10. Bxg7 Kxg7 11. f5 Rd8 12. fxg6 hxg6 13. Nbd2 Bg4 14. Kc1
Nf4 15. Nc4 Bxf3 16. gxf3 Nxd3+ 17. cxd3 Rxd3 18. Rf1 Rh8 19. Rf2 e5 20. Kb2 Rh3
21. Nd2 Rd8 22. Nc4 Rdh8 0-1

[Event "Challenge"]
[Site "http://www.queenalice.com/game.php?id=732095"]
[Date "2010.2.15"]
[Round "-"]
[White "NandoBg"]
[Black "jizaias"]
[Result "0-1"]
[WhiteElo "2238"]
[BlackElo "2177"]

1. Nc3 e5 2. Nf3 Nc6 3. e4 a6 4. d4 exd4 5. Nxd4 Nge7 6. Bg5 h6 7. Nxc6 bxc6 8.
Bh4 Rb8 9. Rb1 d6 10. Bc4 Rb4 11. Be2 g5 12. a3 Rb8 13. Qd4 Rh7 14. Bg3 Bg7 15.
Qe3 Ng6 16. Qa7 Bxc3+ 17. Kd1 Rxb2 18. Rxb2 Bxb2 19. Kd2 Bxa3 20. Rb1 Ne7 21.
Rb8 Bc5 22. Qa8 Kd7 23. Bxa6 f5 24. exf5 Rf7 25. Be2 Qh8 26. f6 Qxf6 27. Bg4+
Nf5 28. Bxf5+ Qxf5 29. Rxc8 Qd5+ 30. Kc1 Ba3+ 31. Qxa3 Kxc8 32. Qe3 Rf5 33. f4
Qa5 34. Kd1 Rd5+ 35. Ke2 Qa4 36. Qc1 Qe4+ 37. Kf2 Rf5 38. Kg1 gxf4 39. Bf2 Rg5
40. g3 fxg3 41. Bxg3 Qd4+ 42. Kf1 Rf5+ 43. Kg2 h5 44. Qe1 Rd5 45. c3 Qd2+ 46.
Qxd2 Rxd2+ 47. Kh3 Kd7 48. Kh4 Ke6 49. Kxh5 Kf5 50. Kh4 Rc2 51. Kh3 Rxc3 52. Kg2
c5 53. Be1 Ra3 54. h4 c4 55. h5 c3 56. h6 Kg6 57. Kf2 c2 58. Bd2 Ra1 59. Ke3 c5
60. Kd3 c1=Q 61. Bxc1 Rxc1 62. h7 Kxh7 0-1

[Event "Challenge"]
[Site "http://www.queenalice.com/game.php?id=736200"]
[Date "2010.2.22"]
[Round "-"]
[White "NandoBg"]
[Black "stan1"]
[Result "1-0"]
[WhiteElo "2229"]
[BlackElo "2133"]

1. Nf3 Nc6 2. d4 d5 3. c4 Bg4 4. Nc3 e6 5. cxd5 exd5 6. g3 Bd6 7. Nxd5 Bxf3 8.
exf3 Bxg3 9. Qe2+ Kf8 10. Qc4 Bd6 11. Be3 Nge7 12. Nc3 Nb4 13. O-O-O c6 14. Kb1
b5 15. Qe2 Nbd5 16. Nxd5 Nxd5 17. Rc1 Qd7 18. h4 Re8 19. Bh3 Qb7 20. Bf5 h5 21.
Be4 1-0

[Event "Challenge"]
[Site "http://www.queenalice.com/game.php?id=739817"]
[Date "2010.3.2"]
[Round "-"]
[White "NandoBg"]
[Black "Buuuu"]
[Result "1-0"]
[WhiteElo "2206"]
[BlackElo "2150"]

1. Nc3 c6 2. d4 d5 3. e4 dxe4 4. Nxe4 Bf5 5. Ng3 Bg6 6. Nf3 Nd7 7. Be2 e6 8. O-O
Qc7 9. Nh4 Bd6 10. Nxg6 hxg6 11. a4 Ne7 12. Qd3 O-O-O 13. a5 Nf6 14. a6 b6 15.
c3 Nf5 16. Bg5 Rh7 17. h3 Nxg3 18. fxg3 Bxg3 19. Qe3 Rdh8 20. Bxf6 gxf6 21. Rxf6
Qe7 22. Qf3 Qc7 23. Rf1 b5 24. Rxf7 Bh2+ 25. Kh1 Rxf7 26. Qxf7 Bg3 27. Qxg6 Re8
28. Qxe8+ 1-0

[Event "Challenge"]
[Site "http://www.queenalice.com/game.php?id=742103"]
[Date "2010.3.6"]
[Round "-"]
[White "NandoBg"]
[Black "fosdunc"]
[Result "1-0"]
[WhiteElo "2216"]
[BlackElo "2251"]

1. Nc3 e6 2. e4 b6 3. d4 Bb7 4. Nf3 g6 5. Bc4 Bg7 6. O-O Ne7 7. d5 exd5 8. exd5
O-O 9. Re1 d6 10. Bg5 Re8 11. Qe2 Bf8 12. Bb5 Nd7 13. Nd4 a6 14. Ne6 Qc8 15.
Nxf8 axb5 16. Bxe7 Ne5 17. Nxh7 Kxh7 18. Qe4 Kg8 19. Qh4 Qf5 20. Nxb5 Rxe7 21.
Qxe7 Bxd5 22. Nxc7 Bxg2 23. Rxe5 1-0

[Event "Challenge"]
[Site "http://www.queenalice.com/game.php?id=755466"]
[Date "2010.4.2"]
[Round "-"]
[White "NandoBg"]
[Black "jjrphd"]
[Result "0-1"]
[WhiteElo "2238"]
[BlackElo "2300"]

1. Nc3 d5 2. d4 Nf6 3. Nf3 Nc6 4. Bf4 Bf5 5. e3 e6 6. Bd3 Bb4 7. O-O O-O 8. Bxf5
exf5 9. Bg5 Bxc3 10. bxc3 h6 11. Bxf6 Qxf6 12. Qd3 Qe6 13. Qb5 b6 14. c4 Rfd8
15. cxd5 Rxd5 16. Qb3 Na5 17. Qd3 Nc6 18. c4 Rd6 19. Rfc1 Qe4 20. Qxe4 fxe4 21.
Nd2 Re8 22. c5 Rg6 23. cxb6 cxb6 24. Rab1 f5 25. Nc4 Rf6 26. g3 Ne7 27. Ne5 Nd5
28. Kf1 a6 29. Rc2 Rfe6 30. Rbc1 Nb4 31. Rc8 Nxa2 32. R1c6 Rxc8 33. Rxc8+ Kh7
34. Nd7 Rd6 35. Rd8 Rc6 0-1

[Event "Challenge"]
[Site "http://www.queenalice.com/game.php?id=759936"]
[Date "2010.4.12"]
[Round "-"]
[White "NandoBg"]
[Black "pcmvr"]
[Result "1-0"]
[WhiteElo "2237"]
[BlackElo "1818"]

1. Nc3 d5 2. Nf3 Nf6 3. e3 c5 4. d4 Nc6 5. Be2 e6 6. O-O a6 7. Na4 cxd4 8. exd4
Bd6 9. Nc5 Qb6 10. c3 Bxc5 11. dxc5 Qxc5 12. Be3 Qe7 13. Qb3 e5 14. Rad1 1-0

[Event "Challenge"]
[Site "http://www.queenalice.com/game.php?id=765908"]
[Date "2010.4.25"]
[Round "-"]
[White "NandoBg"]
[Black "jck2"]
[Result "1-0"]
[WhiteElo "2224"]
[BlackElo "2204"]

1. Nc3 c6 2. Nf3 d5 3. e4 dxe4 4. Nxe4 Bf5 5. Ng3 Bg6 6. Bc4 e6 7. h4 h6 8. Ne5
Bh7 9. Qe2 Qe7 10. d4 Nf6 11. c3 Nbd7 12. Bd3 Bxd3 13. Nxd3 g6 14. O-O Bg7 15.
h5 1-0

[Event "AUTO-MASTER-1017"]
[Site "http://www.queenalice.com/game.php?id=776368"]
[Date "2010.5.16"]
[Round "2"]
[White "woinic"]
[Black "NandoBg"]
[Result "1-0"]
[WhiteElo "2012"]
[BlackElo "2148"]

1. c4 e5 2. Nc3 Nf6 3. g3 Nc6 4. Bg2 Bc5 5. a3 d6 6. d3 h6 7. Bd2 O-O 8. e3 Bf5
9. e4 Bg4 10. Nge2 Nd4 11. Qc1 Nb3 12. Qd1 Nxa1 13. Qxa1 1-0

[Event "AUTO-MASTER-1017"]
[Site "http://www.queenalice.com/game.php?id=776369"]
[Date "2010.5.16"]
[Round "2"]
[White "NandoBg"]
[Black "woinic"]
[Result "0-1"]
[WhiteElo "2165"]
[BlackElo "1989"]

1. d4 Nf6 2. c4 e6 3. Nc3 Bb4 4. e3 O-O 5. Nf3 d5 6. Bd3 c5 7. O-O dxc4 8. Bxc4
Nbd7 9. Bd2 cxd4 10. exd4 a6 11. Bd3 b5 12. a4 Bxc3 13. bxc3 bxa4 0-1

[Event "AUTO-MASTER-1017"]
[Site "http://www.queenalice.com/game.php?id=776372"]
[Date "2010.5.16"]
[Round "2"]
[White "NandoBg"]
[Black "mad_knight"]
[Result "0-1"]
[WhiteElo "2174"]
[BlackElo "2275"]

1. d4 d5 2. c4 dxc4 3. e3 e5 4. Bxc4 exd4 5. Nf3 Nc6 6. exd4 Bb4+ 7. Nc3 Nf6 8.
O-O O-O 9. Ne5 Qxd4 10. Nxc6 Qxc4 11. Nxb4 Qxb4 12. Bg5 Bg4 13. Qc2 Nh5 0-1

[Event "AUTO-MASTER-1017"]
[Site "http://www.queenalice.com/game.php?id=776373"]
[Date "2010.5.16"]
[Round "2"]
[White "mad_knight"]
[Black "NandoBg"]
[Result "1-0"]
[WhiteElo "2265"]
[BlackElo "2184"]

1. e4 e5 2. Nf3 Nc6 3. Bb5 Nf6 4. Nc3 Bc5 5. O-O O-O 6. Nxe5 Nxe5 7. d4 Bd6 8.
dxe5 Bxe5 9. Re1 d6 10. h3 c6 11. Bd3 Re8 12. Bg5 h6 13. Be3 Bxc3 14. bxc3 1-0